Catálogo

EL IXTLE : (Registro nro. 2747)

Detalles MARC
000 -LEADER
fixed length control field 00406nam a2200157 a 4500
001 - CONTROL NUMBER
control field 2747
005 - DATE AND TIME OF LATEST TRANSACTION
control field 20180713182718.0
008 - FIXED-LENGTH DATA ELEMENTS--GENERAL INFORMATION
fixed length control field 140415s1985 000 0 spa d
041 ## - LANGUAGE CODE
Language code of text/sound track or separate title spa
082 ## - DEWEY DECIMAL CLASSIFICATION NUMBER
Classification number 634.92
Item number RAM
100 1# - MAIN ENTRY--PERSONAL NAME
Personal name RAMIREZ GONZALEZ, EDUARDO A.
245 13 - TITLE STATEMENT
Title EL IXTLE :
Remainder of title UN SISTEMA SOCIENTECNICO
260 ## - PUBLICATION, DISTRIBUTION, ETC.
Place of publication, distribution, etc. [s.l.] :
Name of publisher, distributor, etc. CIQA,
Date of publication, distribution, etc. 1985
300 ## - PHYSICAL DESCRIPTION
Extent 241
650 14 - SUBJECT ADDED ENTRY--TOPICAL TERM
Topical term or geographic name entry element FORESTACION
Existencias
Withdrawn status Lost status Source of classification or shelving scheme Damaged status Not for loan Collection code Home library Current library Shelving location Date acquired Source of acquisition Inventory number Total Checkouts Full call number Barcode Date last seen Price effective from Koha item type
    Dewey Decimal Classification     General Biblioteca Karol Wojtyla Biblioteca Karol Wojtyla Área de silencio 03/12/2013 Compra 151000000000000000011950   634.92 RAM 13631 05/01/2026 03/12/2013 Libro